000 00365nam a2200145 a 4500
005 20140412111233.0
008 110408s19uu xx 00 eng d
020 _a0-7069-9201-6
050 _aTR(GS) 372.4
_bS474 1995
100 _aSen, R.
245 _aHappy Readers bk.2 /
_cR. Sen.
260 _aNew Delhi :
_bVikas,
_c1995.
300 _a36p.
999 _c102256
_d102256